000 01328nam a22003497a 4500
003 OSt
005 20230607072726.0
008 221006b |||||||| |||| 00| 0 eng d
040 _cBiblioteca Lado V
082 _a800
_bP419m
100 _9270
_aPeña, Alfonso
_eeditor
245 _aMaterika/
260 _aCosta Rica
_bEdiciones Andromeda
_c2001
300 _c15.5x21cm
_a60p.
366 _espa
490 _a1
_v2
_x1409-3693
505 _aLa memoria
_rRaul Aguilar
505 _aPoesia
_gDavid Maradiaga
505 _aMecanismos de seguridad
_gFrancisco Proaño
505 _aLa nueva era y las sociedades secretas y algunas sectas locales
_gTomas Saravi
505 _aGodzila el retumbante hijo de Coahuila
_gJose Luis Valverde
505 _aPoesia
_gEmilia Villegas
505 _aA traves del ruido
_rMauricio Ventanas
505 _aLa cartografía literaria de Saul Ibargoyen
_rAglae Margalli
505 _aLos perros de donde
_rMyriam Bustos Arratia
650 _2Tesauro de Arte & Arquitectura
_aPOESIA
_9703
650 _2Tesauro de Arte & Arquitectura
_aENTREVISTA
_9702
650 _2Tesauro de Arte & Arquitectura
_aLITERATURA
_9702
650 _2Tesauro de Arte & Arquitectura
_aNARRATIVA
650 _2Tesauro de Arte & Arquitectura
_aESPAÑOL
942 _2ddc
_c1
_h800
_iP419m
_n0
999 _c3791
_d3791